000 00356nab a22001097u 4500
008 130520b1991 xxu||||| |||| 00| 0 spa d
041 _aspa
100 1 _aLieth, E. Van Der
_967513
245 0 0 _a...otro te ceñirá y te llevará adonde no quieras (Jn 21,28)
_cE. van der Lieth
773 0 _tConcilium
_gV.1,1991,págs.377-385
_x0210-1041
_wRev134
942 _cAR
999 _c355615
_d355615